000 00449nam a2200157 4500
001 121520
003 ES-MaACL
005 20230906191750.0
007 t|
008 070214s1950 sp r ||||1| spa d
100 1 _aPorpeta Clérigo, Florencio.
_993135
245 1 0 _aInstituciones de Derecho Fiscal /
_cpor Florencio Porpeta Clérigo.
260 _aMadrid :
_bReus,
_c1950.
300 _a2 t. ;
_c23 cm.
852 _aES-MaACL
_jC-14934-5
_bR.43012
999 _c121520
_d121520